Հայոց նորագույն պետականության քառորդ դարը : (Record no. 370765)
[ view plain ]
| 000 -LEADER | |
|---|---|
| fixed length control field | 01381nam a2200253 a 4500 |
| 001 - CONTROL NUMBER | |
| control field | 001159470 |
| 003 - CONTROL NUMBER IDENTIFIER | |
| control field | AM-YeHGA |
| 005 - DATE AND TIME OF LATEST TRANSACTION | |
| control field | 20250617152430.0 |
| 008 - FIXED-LENGTH DATA ELEMENTS--GENERAL INFORMATION | |
| fixed length control field | 160624s2016 ai |||||rg||||000|0|arm|d |
| 020 ## - INTERNATIONAL STANDARD BOOK NUMBER | |
| International Standard Book Number | 9785808012264 |
| 040 ## - CATALOGING SOURCE | |
| Original cataloging agency | AM-YeHGA |
| 041 0# - LANGUAGE CODE | |
| Language code of text/sound track or separate title | arm |
| 041 0# - LANGUAGE CODE | |
| Language code of text/sound track or separate title | rus |
| 041 0# - LANGUAGE CODE | |
| Language code of text/sound track or separate title | eng |
| 090 ## - LOCALLY ASSIGNED LC-TYPE CALL NUMBER (OCLC); LOCAL CALL NUMBER (RLIN) | |
| -- | 372643 |
| 245 00 - TITLE STATEMENT | |
| Title | Հայոց նորագույն պետականության քառորդ դարը : |
| Remainder of title | Գիտաժողովի զեկուցումների դրույթներ 2016 թ. հուլիսի 15 / |
| Statement of responsibility, etc. | ՀՀ ԳԱԱ Հայագիտության և հասարակական գիտությունների բաժանմունք; ԵՊՀ. |
| 260 ## - PUBLICATION, DISTRIBUTION, ETC. | |
| Place of publication, distribution, etc. | Երևան : |
| Name of publisher, distributor, etc. | ՀՀ ԳԱԱ «Գիտություն» հրատ., |
| Date of publication, distribution, etc. | 2016. |
| 300 ## - PHYSICAL DESCRIPTION | |
| Extent | 185 էջ. ; |
| Dimensions | 20 սմ. |
| 546 ## - LANGUAGE NOTE | |
| Language note | Բնագիրը՝ հայերեն, ռուսերեն և անգլերեն: |
| 650 14 - SUBJECT ADDED ENTRY--TOPICAL TERM | |
| Topical term or geographic name entry element | Ներքին քաղաքականություն |
| Geographic subdivision | Հայաստանի Հանրապետություն |
| Form subdivision | Գիտաժողովի զեկուցումներ |
| 710 2# - ADDED ENTRY--CORPORATE NAME | |
| Corporate name or jurisdiction name as entry element | Հայաստանի Հանրապետության Գիտությունների ազգային ակադեմիա |
| Subordinate unit | Հայագիտության և հասարակական գիտությունների բաժանմունք |
| 710 2# - ADDED ENTRY--CORPORATE NAME | |
| Corporate name or jurisdiction name as entry element | Երևանի պետական համալսարան |
| 711 2# - ADDED ENTRY--MEETING NAME | |
| Meeting name or jurisdiction name as entry element | Գիտաժողով |
| Date of meeting or treaty signing | (2016 թ. հուլիսի 15 |
| Subordinate unit | Երևան ) |
| Withdrawn status | Lost status | Damaged status | Not for loan | Collection | Home library | Current library | Date acquired | Cost, normal purchase price | Shelving control number | Total checkouts | Full call number | Barcode | Date last seen | Date last checked out | Price effective from | Koha item type | Public note | Source of classification or shelving scheme |
|---|---|---|---|---|---|---|---|---|---|---|---|---|---|---|---|---|---|---|
| General | Fundamental Scientific Library | Fundamental Scientific Library | 11/01/2017 | 2000.00 | 3 | AII/101725 | FL0416014 | 10/03/2020 | 10/03/2020 | 11/01/2017 | Գրքեր / Books | 30 Days Loan | ||||||
| General | Fundamental Scientific Library | Fundamental Scientific Library | 11/01/2017 | 2000.00 | AII/101726 | FL0416015 | 11/01/2017 | 11/01/2017 | Գրքեր / Books | 30 Days Loan | ||||||||
| General | Fundamental Scientific Library | Fundamental Scientific Library | 21/04/2017 | AII/102306 | FL0445591 | 21/04/2017 | 21/04/2017 | Գրքեր / Books | 30 Days Loan | Universal Decimal Classification | ||||||||
| General | Fundamental Scientific Library | Fundamental Scientific Library | 16/11/2017 | AII/102944 | FL0465908 | 16/11/2017 | 16/11/2017 | Գրքեր / Books | 30 Days Loan | Universal Decimal Classification |
ՀՀ Գիտությունների ազգային ակադեմիայի հիմնարար գիտական գրադարան = Fundamental Scientific Library of NAS RA
All site content, except where otherwise noted, is licensed under a